000 00264nam a22001217a 4500
008 180903b xxu||||| |||| 00| 0 eng d
041 _aeng
080 _a617
100 _a8
101 _aORT
245 _aOrthopaedic Device Reference
_cVolz, G
942 _2udc
_cBK
999 _c47470
_d47470